A gata Gatilde (Registo nº 3774)
[ vista simples ]
| 000 -Etiqueta do registo | |
|---|---|
| Cabeçalho | 00970nam a2200277 4500 |
| 005 - Identificador da versão | |
| Campo de controlo | 20240813122043.0 |
| 010 ## - Número internacional normalizado dos livros (ISBN) | |
| Número (ISBN) | 972211431X |
| 021 ## - Número do Depósito Legal | |
| Código do país | PT |
| Número | 170458/01 |
| 100 ## - Dados gerais de processamento | |
| Dados gerais de processamento | 20020412d2001 c y0pory5003 ba |
| 102 ## - Pais de publicação ou produção | |
| País de publicação | Portugal |
| 101 0# - Língua de publicação | |
| Língua do texto, banda sonora, etc. | Português |
| 215 ## - Descrição física | |
| Indicação específica da natureza do documento e extensão da espécie | [21] p. |
| Outras indicações físicas | il. color. |
| Dimensões | 24 cm |
| 200 1# - Titulo e menção de responsabilidade | |
| Título próprio | A gata Gatilde |
| Título próprio de outro autor | Ana Maria Magalhães, Isabel Alçada |
| Outras menções de responsabilidade | il. Nuno Feijão |
| 210 ## - Publicação, Distribuição, etc. | |
| Lugar da edição, distribuição, etc. | [Lisboa |
| Nome do editor, distribuidor, etc. | Caminho |
| Data da publicação, distribuição, etc. | cop. 2001] |
| 314 ## - Notas relativas a responsabilidade intelectual | |
| Texto da nota | Isabel Alçada é pseudónimo de Maria Isabel Girão de Melo Veiga Vilar |
| Texto da nota | Ana Maria Magalhães é pseudónimo de Ana Maria Bastos de Oliveira Martinho |
| 606 ## - Nome comum usado como assunto | |
| Número de registo de entrada de autoridade | 0001335 |
| Palavra de ordem | Literatura portuguesa |
| Subdivisão de assunto | Conto |
| Código do sistema | CA |
| 675 ## - Classificação Decimal Universal (CDU) | |
| Notação | 821.134.3-34 |
| Edição | 3ª ed. |
| Língua da edição | por |
| 702 #1 - Nome de autor-pessoa física (responsabilidade secundária) | |
| Número de registo de entrada de autoridade | 0000075 |
| Palavra de ordem | Feijão |
| Outra parte do nome não tomada para palavra de ordem | Nuno |
| Código de função | Ilustrador / Técnico de desenho computorizado |
| 701 #1 - Nome de autor-pessoa física (co-responsabilidade principal) | |
| Palavra de ordem | Alçada |
| Outra parte do nome não tomada para palavra de ordem | Isabel |
| Elementos de identificação ou distinção | pseud. |
| -- | e outro |
| Datas | 1950- |
| Código de função | Autor / Co-autor |
| 700 #1 - Nome de autor-pessoa física (responsabilidade principal) | |
| Número de registo de entrada de autoridade | 0001867 |
| Palavra de ordem | Magalhães |
| Outra parte do nome não tomada para palavra de ordem | Ana Maria |
| Elementos de identificação ou distinção | pseud. |
| -- | e outro |
| Datas | 1946- |
| 942 ## - Elementos de entrada adicionados (Koha) | |
| Tipo de item no Koha | Livro |
| Situação do levantamento | Origin of item (home branch) (coded) | Biblioteca de empréstimo | Código de barras | Cota | Circulation type (not for loan) | Tipo de documento | Nota do exemplar | Damaged status |
|---|---|---|---|---|---|---|---|---|
| Biblioteca Escolar das Vendas | Biblioteca Escolar das Vendas | BEV1746 | 8POR MAG | Livro | Sem mensagem |
